000 00940cas a2200277 a 4500
008
022 0 _a0738-8942
090 _aJX1291
_bCON
245 0 0 _aConflict management and peace science.
246 1 3 _aCMPS
260 _aUniversity Park, PA :
_bPeace Science Society (International) ;
_c2013.
300 _av. :
_bill. ;
_c23 cm.
650 0 _aInternational relations
_xResearch
_vPeriodicals.
650 0 _aPeace
_xResearch
_vPeriodicals.
710 2 _aWorld Research Center (Cambridge, Mass.).
_bWorld University Division.
710 2 _aWorld University.
710 2 _aCornell University.
_bField of Peace Studies and Peace Science.
710 2 _aPeace Science Society (International)
907 _a.b10339164
_b03-02-16
_c03-02-14
003
005 20230123122203.0
040 _cNUST
049 _aMAIN
942 _cBOOKS
_kJX1291
_mCON
999 _c129315
_d129315